UBT Library

Encounters in education / (Record no. 41567)

000 -LEADER
fixed length control field 00732nam a2200253 a 4500
001 - CONTROL NUMBER
control field 1656554
005 - DATE AND TIME OF LATEST TRANSACTION
control field 20180201095002.0
008 - FIXED-LENGTH DATA ELEMENTS--GENERAL INFORMATION
fixed length control field 990127s1998 txu b 000 0 eng d
010 ## - LIBRARY OF CONGRESS CONTROL NUMBER
LC control number 97072354
020 ## - INTERNATIONAL STANDARD BOOK NUMBER
International Standard Book Number 0155051407 (pbk.)
035 ## - SYSTEM CONTROL NUMBER
System control number (OCoLC)39350212
040 ## - CATALOGING SOURCE
Original cataloging agency InU
Transcribing agency InU
Modifying agency DLC
041 ## - LANGUAGE CODE
Language code of text/sound track or separate title eng
042 ## - AUTHENTICATION CODE
Authentication code lccopycat
043 ## - GEOGRAPHIC AREA CODE
Geographic area code n-us---
080 ## - UNIVERSAL DECIMAL CLASSIFICATION NUMBER
Universal Decimal Classification number 37 rob
100 ## - Rafti
Rafti 48
101 ## - Shkurtesa
Shkurtesa edu
245 00 - TITLE STATEMENT
Title Encounters in education /
Statement of responsibility, etc [edited by] Robert E. Fitzgibbons, Raymond J. ZuWallack.
504 ## - BIBLIOGRAPHY, ETC. NOTE
Bibliography, etc Includes bibliographical references.
906 ## - LOCAL DATA ELEMENT F, LDF (RLIN)
a 7
b cbc
c copycat
d 3
e opcn
f 19
g y-gencatlg
942 ## - ADDED ENTRY ELEMENTS (KOHA)
Source of classification or shelving scheme
Item type Books
Holdings
Withdrawn status Lost status Source of classification or shelving scheme Damaged status Not for loan Collection code Permanent location Current location Shelving location Date acquired Total Checkouts Full call number Barcode Date last seen Price effective from Koha item type
          Koleksioni i përgjithshem UBT - Lipjan UBT - Lipjan Koleksioni i përgjithshem 02/01/2018   37 rob 002-2997771 02/01/2018 02/01/2018 Books
UBT Library © 2015-2024. All rights reserved University Education for Business and Technology